[Event "39 Open Internacional de San Sebastian"]
[Site "Donostia - San Sebastian"]
[Date "2016.03.25"]
[Round "8"]
[Board "9"]
[White "SKOMOROKHIN, Roman"]
[Black "PRIETO ARANGUREN, Alain"]
[Result "0-1"]
[WhiteElo "2410"]
[BlackElo "2251"]
[PlyCount "0"]
[EventDate "2016.03.19"]
[EventRounds "9"]
[EventCountry "ESP"]

1. d4 {[%clk 1:30:57]} Nf6 {[%clk 1:24:01]} 2. Bf4 {[%clk 1:30:58]} c5
{[%clk 1:23:52]} 3. e3 {[%clk 1:30:05]} cxd4 {[%clk 1:24:17]} 4. exd4
{[%clk 1:29:58]} d5 {[%clk 1:24:42]} 5. c3 {[%clk 1:29:40]} Nc6 {[%clk 1:25:07]}
6. Bd3 {[%clk 1:29:34]} g6 {[%clk 1:25:24]} 7. Nd2 {[%clk 1:28:16]} Bg7
{[%clk 1:25:48]} 8. Ne2 {[%clk 1:28:09]} O-O {[%clk 1:26:10]} 9. h3
{[%clk 1:27:38]} Nh5 {[%clk 1:26:30]} 10. Bh2 {[%clk 1:27:54]} e5
{[%clk 1:23:10]} 11. dxe5 {[%clk 1:27:41]} Nxe5 {[%clk 1:23:19]} 12. Bc2
{[%clk 1:27:38]} Re8 {[%clk 1:20:29]} 13. O-O {[%clk 1:26:41]} Bh6
{[%clk 1:17:22]} 14. f4 {[%clk 1:16:36]} Qb6+ {[%clk 1:15:30]} 15. Nd4
{[%clk 1:06:32]} Nc6 {[%clk 1:13:17]} 16. N2b3 {[%clk 1:05:50]} Nf6
{[%clk 1:11:34]} 17. f5 {[%clk 0:51:46]} Be3+ {[%clk 1:10:06]} 18. Kh1
{[%clk 0:52:04]} Ne4 {[%clk 1:09:56]} 19. fxg6 {[%clk 0:42:57]} hxg6
{[%clk 1:08:56]} 20. Qf3 {[%clk 0:42:20]} Ng5 {[%clk 1:09:18]} 21. Qxd5
{[%clk 0:40:32]} Nxd4 {[%clk 1:08:08]} 22. Nxd4 {[%clk 0:38:06]} Be6
{[%clk 0:54:48]} 23. Nxe6 {[%clk 0:36:37]} Rxe6 {[%clk 0:54:35]} 24. Bg1
{[%clk 0:27:25]} Bxg1 {[%clk 0:52:31]} 25. Qxg5 {[%clk 0:18:28]} Be3
{[%clk 0:52:42]} 26. Qg3 {[%clk 0:18:49]} Bc5 {[%clk 0:37:23]} 27. Bb3
{[%clk 0:19:02]} Rf6 {[%clk 0:36:04]} 28. Qe5 {[%clk 0:17:40]} Bf2
{[%clk 0:32:14]} 29. Rad1 {[%clk 0:17:56]} Rf5 {[%clk 0:19:59]} 30. Qe7
{[%clk 0:17:15]} Qb5 {[%clk 0:19:25]} 31. Qd7 {[%clk 0:15:16]} Qe2
{[%clk 0:14:10]} 32. Qxb7 {[%clk 0:11:52]} Re8 {[%clk 0:14:18]} 33. Qd7
{[%clk 0:08:32]} Re3 {[%clk 0:13:27]} 34. Qc6 {[%clk 0:04:46]} Kg7
{[%clk 0:05:29]} 35. Bd5 {[%clk 0:00:55]} Qh5 {[%clk 0:05:53]} 36. Qd6
{[%clk 0:00:39]} Rxd5 {[%clk 0:05:15]} 37. Ra1 0-1

[Event "39 Open Internacional de San Sebastian"]
[Site "Donostia - San Sebastian"]
[Date "2016.03.26"]
[Round "9"]
[Board "5"]
[White "VALDES ROMERO, Leonardo"]
[Black "PASTOR ALONSO DE PRADO, Albert"]
[Result "1/2-1/2"]
[WhiteElo "2375"]
[BlackElo "2141"]
[PlyCount "0"]
[EventDate "2016.03.19"]
[EventRounds "9"]
[EventCountry "ESP"]

1. Nf3 {[%clk 1:30:55]} d5 {[%clk 1:30:34]} 2. g3 {[%clk 1:31:03]} c6
{[%clk 1:29:20]} 3. Bg2 {[%clk 1:30:52]} Bg4 {[%clk 1:28:58]} 4. O-O
{[%clk 1:30:41]} Nd7 {[%clk 1:29:19]} 5. d4 {[%clk 1:30:58]} Ngf6
{[%clk 1:29:19]} 6. c4 {[%clk 1:31:20]} e6 {[%clk 1:29:24]} 7. Qb3
{[%clk 1:31:29]} Qb6 {[%clk 1:29:44]} 8. c5 {[%clk 1:31:27]} Qxb3
{[%clk 1:28:05]} 9. axb3 {[%clk 1:31:52]} Bxf3 {[%clk 1:19:25]} 10. exf3
{[%clk 1:28:04]} b6 {[%clk 1:17:01]} 11. b4 {[%clk 1:07:13]} a5 {[%clk 1:16:41]}
12. Bf4 {[%clk 1:07:28]} O-O-O {[%clk 1:13:12]} 13. b5 {[%clk 0:53:03]} Kb7
{[%clk 1:09:45]} 14. bxc6+ {[%clk 0:49:58]} Kxc6 {[%clk 1:10:05]} 15. cxb6
{[%clk 0:49:16]} Bb4 {[%clk 1:06:44]} 16. Rc1+ {[%clk 0:44:04]} Kb7
{[%clk 1:06:25]} 17. Na3 {[%clk 0:26:37]} Rc8 {[%clk 1:06:06]} 18. Nc2
{[%clk 0:26:56]} Nxb6 {[%clk 1:02:04]} 19. Bf1 {[%clk 0:19:11]} Be7
{[%clk 0:48:46]} 20. Rxa5 {[%clk 0:18:43]} Ra8 {[%clk 0:49:01]} 21. Rxa8
{[%clk 0:15:22]} Rxa8 {[%clk 0:48:56]} 22. Ne1 {[%clk 0:15:37]} Rc8
{[%clk 0:44:17]} 23. Rxc8 {[%clk 0:15:56]} Nxc8 {[%clk 0:43:58]} 24. Bd3
{[%clk 0:15:51]} Na7 {[%clk 0:42:57]} 25. Nc2 {[%clk 0:15:57]} h6
{[%clk 0:41:41]} 26. Kf1 {[%clk 0:15:30]} Nd7 {[%clk 0:40:34]} 27. Bd2
{[%clk 0:12:55]} Kb6 {[%clk 0:39:46]} 28. Ke2 {[%clk 0:11:10]} Nb8
{[%clk 0:37:32]} 29. f4 {[%clk 0:07:12]} f5 {[%clk 0:35:40]} 30. Ke3
{[%clk 0:05:38]} Nbc6 {[%clk 0:35:56]} 31. Be2 {[%clk 0:05:49]} g6
{[%clk 0:36:14]} 32. Kd3 {[%clk 0:05:33]} Nb5 {[%clk 0:36:27]} 33. f3
{[%clk 0:05:02]} Bf6 {[%clk 0:36:08]} 34. Bc3 {[%clk 0:03:18]} Bg7
{[%clk 0:35:39]} 35. Ke3 {[%clk 0:02:48]} Bf6 {[%clk 0:35:55]} 36. Bf1
{[%clk 0:01:51]} Bg7 {[%clk 0:36:04]} 37. Bxb5 {[%clk 0:01:13]} Kxb5
{[%clk 0:36:25]} 38. Kd3 {[%clk 0:01:39]} Bf8 {[%clk 0:36:36]} 39. Ne3
{[%clk 0:01:49]} Bg7 {[%clk 0:35:51]} 40. Ng2 {[%clk 0:02:10]} Bf6
{[%clk 0:35:50]} 41. Ne1 {[%clk 0:02:36]} Ka4 {[%clk 0:35:34]} 42. Nc2
{[%clk 0:02:25]} Be7 {[%clk 0:35:55]} 43. Ne1 {[%clk 0:02:06]} Kb3
{[%clk 0:36:02]} 44. Nc2 {[%clk 0:02:00]} Ka4 {[%clk 0:35:28]} 45. Ne1
{[%clk 0:01:00]} Bf6 {[%clk 0:35:40]} 46. Ke3 {[%clk 0:00:37]} Kb5
{[%clk 0:35:15]} 47. Nd3 {[%clk 0:00:54]} Be7 {[%clk 0:35:35]} 48. b3
{[%clk 0:00:58]} Bf8 {[%clk 0:34:08]} 49. Kd2 {[%clk 0:01:09]} Be7
{[%clk 0:27:26]} 50. h3 {[%clk 0:01:29]} Bf8 {[%clk 0:26:49]} 51. Ke3
{[%clk 0:01:49]} Be7 {[%clk 0:27:03]} 52. Ke2 {[%clk 0:01:07]} Bf8
{[%clk 0:27:24]} 53. Ke3 {[%clk 0:00:42]} Be7 {[%clk 0:27:45]} 54. g4
{[%clk 0:00:57]} Bf8 {[%clk 0:27:51]} 55. Ke2 {[%clk 0:00:42]} Be7
{[%clk 0:27:56]} 56. Kd2 {[%clk 0:00:53]} Bf8 {[%clk 0:28:08]} 57. Ke2
{[%clk 0:00:53]} Be7 {[%clk 0:28:28]} 58. Ke3 {[%clk 0:01:19]} Bf8
{[%clk 0:28:48]} 59. Kf2 {[%clk 0:00:40]} Bg7 {[%clk 0:26:03]} 60. Ke3
{[%clk 0:00:49]} Bf8 {[%clk 0:26:26]} 61. Ke2 {[%clk 0:00:34]} Be7
{[%clk 0:26:47]} 62. gxf5 {[%clk 0:00:44]} gxf5 {[%clk 0:26:51]} 63. Kf2
{[%clk 0:00:37]} Bf6 {[%clk 0:27:15]} 64. Ke3 {[%clk 0:00:38]} Be7
{[%clk 0:27:34]} 65. Ne1 {[%clk 0:00:35]} Bh4 {[%clk 0:26:25]} 66. Nc2
{[%clk 0:00:54]} Be7 {[%clk 0:26:46]} 67. Ke2 {[%clk 0:00:44]} Bd6
{[%clk 0:26:43]} 68. Bd2 {[%clk 0:00:45]} Be7 {[%clk 0:26:51]} 69. Ke3
{[%clk 0:00:55]} Bd6 {[%clk 0:25:41]} 70. Ke2 {[%clk 0:00:36]} Ne7
{[%clk 0:25:51]} 71. Ne1 {[%clk 0:00:50]} Nc6 {[%clk 0:26:00]} 72. Ke3
{[%clk 0:00:45]} Be7 {[%clk 0:26:01]} 73. Nd3 {[%clk 0:00:46]} Bf6
{[%clk 0:26:00]} 74. Bc3 {[%clk 0:01:10]} Be7 {[%clk 0:26:25]} 75. Bd2
{[%clk 0:00:35]} Bf6 {[%clk 0:26:44]} 76. Bc3 {[%clk 0:01:02]} Be7
{[%clk 0:27:07]} 77. Kd2 {[%clk 0:00:41]} Bd6 {[%clk 0:26:50]} 78. Kc2
{[%clk 0:00:4

[Event "39 Open Internacional de San Sebastian"]
[Site "Donostia - San Sebastian"]
[Date "2016.03.26"]
[Round "9"]
[Board "8"]
[White "LORENZO DURAN, Marcos"]
[Black "POGORELOV, Ruslan"]
[Result "0-1"]
[WhiteElo "2121"]
[BlackElo "2347"]
[PlyCount "0"]
[EventDate "2016.03.19"]
[EventRounds "9"]
[EventCountry "ESP"]

1. d4 {[%clk 1:30:56]} Nf6 {[%clk 1:23:45]} 2. c4 {[%clk 1:30:32]} e6
{[%clk 1:24:08]} 3. Nc3 {[%clk 1:30:28]} Bb4 {[%clk 1:24:31]} 4. e3
{[%clk 1:30:31]} O-O {[%clk 1:24:28]} 5. Nge2 {[%clk 1:30:32]} d5
{[%clk 1:24:46]} 6. a3 {[%clk 1:30:36]} Be7 {[%clk 1:24:22]} 7. cxd5
{[%clk 1:29:59]} exd5 {[%clk 1:24:47]} 8. Nf4 {[%clk 1:29:59]} c6
{[%clk 1:24:44]} 9. Bd3 {[%clk 1:29:57]} Re8 {[%clk 1:22:43]} 10. O-O
{[%clk 1:30:01]} Nbd7 {[%clk 1:22:56]} 11. b4 {[%clk 1:24:52]} Bd6
{[%clk 1:22:15]} 12. f3 {[%clk 1:23:44]} Nf8 {[%clk 1:22:09]} 13. Nfe2
{[%clk 1:20:28]} Bc7 {[%clk 0:59:40]} 14. g4 {[%clk 1:05:35]} Qd6
{[%clk 0:51:46]} 15. Ng3 {[%clk 1:05:33]} h5 {[%clk 0:47:54]} 16. g5
{[%clk 1:01:20]} h4 {[%clk 0:48:15]} 17. gxf6 {[%clk 1:01:39]} hxg3
{[%clk 0:48:31]} 18. fxg7 {[%clk 0:59:51]} g2 {[%clk 0:47:06]} 19. gxf8=Q+
{[%clk 1:00:01]} Kxf8 {[%clk 0:47:19]} 20. f4 {[%clk 0:59:06]} gxf1=Q+
{[%clk 0:47:21]} 21. Qxf1 {[%clk 0:58:26]} Qf6 {[%clk 0:47:31]} 22. Ra2
{[%clk 0:55:56]} Bf5 {[%clk 0:45:48]} 23. Bxf5 Qxf5 {[%clk 0:45:57]} 24. b5
{[%clk 0:51:40]} Ke7 {[%clk 0:45:07]} 25. a4 {[%clk 0:51:06]} Rg8+
{[%clk 0:44:57]} 26. Kh1 {[%clk 0:51:25]} Rg6 {[%clk 0:44:36]} 27. bxc6
{[%clk 0:48:26]} bxc6 {[%clk 0:44:58]} 28. Ba3+ {[%clk 0:47:59]} Kd7
{[%clk 0:44:35]} 29. e4 {[%clk 0:47:48]} dxe4 {[%clk 0:44:16]} 30. d5
{[%clk 0:48:06]} Rag8 {[%clk 0:41:25]} 31. dxc6+ {[%clk 0:48:09]} Ke8
{[%clk 0:36:48]} 32. a5 {[%clk 0:28:55]} Qh3 {[%clk 0:30:32]} 0-1

[Event "39 Open Internacional de San Sebastian"]
[Site "Donostia - San Sebastian"]
[Date "2016.03.26"]
[Round "9"]
[Board "10"]
[White "MERCADO LARREA, Adrian"]
[Black "PEREZ PACHECO, Ricardo"]
[Result "0-1"]
[WhiteElo "2007"]
[BlackElo "2141"]
[PlyCount "0"]
[EventDate "2016.03.19"]
[EventRounds "9"]
[EventCountry "ESP"]

1. e4 c5 {[%clk 1:17:45]} 2. Nc3 {[%clk 1:28:02]} Nc6 {[%clk 1:18:07]} 3. g3
{[%clk 1:28:21]} g6 {[%clk 1:18:32]} 4. Bg2 {[%clk 1:28:43]} Bg7 {[%clk 1:18:58]}
5. d3 {[%clk 1:29:05]} d6 {[%clk 1:19:21]} 6. f4 {[%clk 1:29:18]} e6
{[%clk 1:19:45]} 7. Nf3 {[%clk 1:29:38]} Nge7 {[%clk 1:20:05]} 8. O-O
{[%clk 1:30:01]} O-O {[%clk 1:20:31]} 9. Be3 {[%clk 1:30:24]} b6 {[%clk 1:20:11]}
10. d4 {[%clk 1:23:44]} Ba6 {[%clk 1:20:11]} 11. Rf2 {[%clk 1:23:17]} Rc8
{[%clk 1:19:24]} 12. a4 {[%clk 1:02:01]} Na5 {[%clk 0:55:01]} 13. Nb5
{[%clk 0:26:42]} Nc4 {[%clk 0:50:03]} 14. Qc1 {[%clk 0:26:58]} Bb7
{[%clk 0:49:57]} 15. Bf1 {[%clk 0:15:49]} Nxe3 {[%clk 0:49:10]} 16. Qxe3
{[%clk 0:16:11]} a6 {[%clk 0:49:31]} 17. Nc3 {[%clk 0:16:12]} Qc7
{[%clk 0:48:56]} 18. Rd2 {[%clk 0:14:11]} Rfd8 {[%clk 0:46:29]} 19. g4
{[%clk 0:13:09]} cxd4 {[%clk 0:45:06]} 20. Nxd4 {[%clk 0:13:33]} Nc6
{[%clk 0:45:27]} 21. Nce2 {[%clk 0:12:22]} Nxd4 {[%clk 0:43:28]} 22. Nxd4
{[%clk 0:12:22]} Qc5 {[%clk 0:43:33]} 23. c3 {[%clk 0:05:45]} e5 {[%clk 0:43:40]}
24. Nc2 {[%clk 0:06:00]} exf4 {[%clk 0:43:39]} 25. Qxc5 {[%clk 0:06:13]} dxc5
{[%clk 0:43:57]} 26. Rad1 {[%clk 0:05:30]} Bf6 {[%clk 0:43:38]} 27. Bg2
{[%clk 0:02:42]} Rxd2 {[%clk 0:43:37]} 28. Rxd2 {[%clk 0:02:52]} Rd8
{[%clk 0:44:05]} 29. Rxd8+ {[%clk 0:02:23]} Bxd8 {[%clk 0:44:34]} 30. Na3
{[%clk 0:02:01]} Bc6 {[%clk 0:44:58]} 31. b3 {[%clk 0:01:16]} b5 {[%clk 0:44:53]}
32. axb5 {[%clk 0:01:07]} axb5 {[%clk 0:45:22]} 33. c4 {[%clk 0:01:13]} b4
{[%clk 0:45:30]} 34. Nb5 {[%clk 0:01:17]} Kf8 {[%clk 0:45:24]} 35. Kf2
{[%clk 0:00:37]} Ke7 {[%clk 0:45:29]} 36. Bf3 {[%clk 0:00:41]} Ke6
{[%clk 0:45:43]} 37. Ke2 {[%clk 0:00:50]} Ke5 {[%clk 0:45:54]} 38. Kd3
{[%clk 0:00:36]} f5 {[%clk 0:46:09]} 39. gxf5 {[%clk 0:00:33]} gxf5
{[%clk 0:46:37]} 40. Na7 {[%clk 0:00:31]} fxe4+ {[%clk 0:46:57]} 41. Kd4+ 0-1

[Event "39 Open Internacional de San Sebastian"]
[Site "Donostia - San Sebastian"]
[Date "2016.03.26"]
[Round "9"]
[Board "12"]
[White "TORRES GANUZA, Francisco Javie"]
[Black "JORDANA VARGAS, Julio"]
[Result "1-0"]
[WhiteElo "2109"]
[BlackElo "1983"]
[PlyCount "0"]
[EventDate "2016.03.19"]
[EventRounds "9"]
[EventCountry "ESP"]

1. d4 Nf6 2. c4 e6 3. Nf3 d5 4. Nc3 Be7 5. cxd5 exd5 6. Bg5 O-O 7. Qc2 h6 8. Bh4
c6 9. e3 Ne4 10. Bxe7 Qxe7 11. Bd3 Bf5 12. O-O Nd7 13. Rab1 Ndf6 14. b4 Nxc3 15.
Qxc3 Bxd3 16. Qxd3 a6 17. a4 Ne4 18. b5 axb5 19. axb5 Ra3 20. Qc2 Nc3 21. bxc6
Nxb1 22. Rxb1 bxc6 23. Qxc6 Qe4 24. Rc1 Rfa8 25. h3 R3a6 26. Qc7 f6 27. Rc5 Ra1+
28. Kh2 R8a2 29. Qb8+ Kh7 30. Rc8 Rxf2 31. Rh8+ Kg6 32. Qg3+ Kf7 33. Qxf2 Ra3 34.
Ne5+ Ke7 35. Qb2 1-0